| 000 | 00669nam a22002057a 4500 | ||
|---|---|---|---|
| 999 |
_c7383 _d7383 |
||
| 003 | OSt | ||
| 005 | 20211116102236.0 | ||
| 008 | 211021b ||||| |||| 00| 0 eng d | ||
| 020 | _a9788441544321 | ||
| 040 |
_aCDMR _bcat _c0 |
||
| 100 |
_94685 _aRubio, Fernando |
||
| 245 |
_aCurso práctico de Google Data Studio _b: guía interactiva para crear informes personalizados y creativos _c/ Fernando Rubio |
||
| 260 |
_aMadrid _b: Anaya _c, 2021 |
||
| 300 |
_a344 pàgines _b: il·lustracions i gràfiques _c; 24 cm |
||
| 490 | _aSocial Business | ||
| 650 | 0 |
_94686 _aGoogle Data Studio |
|
| 650 | 0 |
_94608 _aInfografia |
|
| 650 | 0 |
_94688 _aAnalítica visual |
|
| 942 |
_2udc _cMON |
||